Fix the Europe Map Quiz Stats

 Plays Quiz Updated Jun 14, 2016

Also try: Fix the US Map
Challenge
Share
Tweet
Score 0/12 Timer 02:00
18 Plays Today
% Correct
Lisbon
95.3%
Sofia
94%
ICELAND
92.3%
BELARUS
91.9%
Stockholm
91%
Edinburgh
89.1%
NORWAY
86.6%
GERMANY
85.3%
ANDORRA
83.9%
Budapest
76.2%
Prague
75.5%
ROMANIA
70.6%

You're not logged in!

Compare scores with friends on all Sporcle quizzes.
Join for Free
OR
Log In

You Might Also Like...

Show Comments

Extras

Top Quizzes Today


Score Distribution

Your Account Isn't Verified!

In order to create a playlist on Sporcle, you need to verify the email address you used during registration. Go to your Sporcle Settings to finish the process.

Report this User

Report this user for behavior that violates our Community Guidelines.

Details: